| 000 | 01360cam a2200313 a 4500 | ||
|---|---|---|---|
| 001 | 16270211 | ||
| 005 | 20101230093756.0 | ||
| 008 | 100607s2011 maua 001 0 eng | ||
| 010 | _a 2010020691 | ||
| 020 | _a1856176630 | ||
| 020 | _a9781856176637 | ||
| 035 | _a(OCoLC)ocn639573741 | ||
| 040 |
_aDLC _cDLC _dYDX _dYDXCP _dCDX _dBWK _dUKWOH _dDLC |
||
| 050 | 0 | 0 |
_aTA403.6 _b.A74 2011 |
| 082 | 0 | 0 |
_a620.11 _222 _bASH |
| 100 | 1 |
_aAshby, M. F. _925506 |
|
| 245 | 1 | 0 |
_aMaterials Selection in Mechanical Design / _cMichael F. Ashby. |
| 250 | _a4th ed. | ||
| 260 |
_aBurlington, MA : _bButterworth-Heinemann, 2011 _cc2011. |
||
| 300 |
_axv, 646 p. : _bill. (chiefly col.) ; _c24 cm. |
||
| 500 | _aIncludes index. | ||
| 520 | 8 | _aUnderstanding materials, their properties and behavior is fundamental to engineering design, and a key application of materials science. Written for all students of engineering, this book describes the procedures for material selection in mechanical design. | |
| 650 | 0 |
_aMaterials. _925507 |
|
| 650 | 0 |
_aEngineering design. _925508 |
|
| 653 |
_bMec _cJune2011 |
||
| 942 |
_2ddc _cBB |
||
| 999 |
_c15628 _d15628 |
||